000 00709nam a2200181Ia 4500
008 151018s9999 xx 000 0 und d
082 _bRBASDV10697
_a920
100 _aभा बापट
245 _aगांधी काय व विचारप्रणाली
250 _b1
260 _bमहाराष्ट्र राज्य साहित्य संस्कुती मंडळ मुंबई
_c1973
300 _a336
600 _aभा बापट
630 _aगांधी काय व विचारप्रणाली
700 _aभा बापट
730 _aगांधी काय व विचारप्रणाली
942 _cBOOK
999 _c1013055
_d1013052